Missing Middles Medley: M Quiz Stats

 Plays Quiz Updated Jun 28, 2014

Support Sporcle.
Go Orange.
Score 0/40 Timer 05:00
1 Play Today
% Correct
Most
95.7%
Man
95.1%
Mario
95%
My
94.2%
Miss
93.8%
Me
93.4%
Maple
93.3%
Meets
93.3%
Metal
92.5%
Miner's
91.4%
Moon
91.1%
Miles
90.7%
Mountain
90.6%
Michelle
88.7%
Making
88.6%
Man's
87%
Mr.
87%
Madly
86.2%
Miller
85.8%
Mother
85.1%
% Correct
Mystery
84.6%
Mini
84.5%
Mor'
83.7%
Michael
82.6%
Mutual
79.1%
Milhous
78.1%
Modern
74.3%
Midnight
73.8%
Marie
72.8%
Maynard
71.1%
Mighty
70.1%
Mae
67%
Manchester
64.8%
Mon
64.8%
May
63.7%
Morning
57.5%
McCall
55.7%
Moving
49.1%
Milk
41.4%
Maria
36.5%

You're not logged in!

Compare scores with friends on all Sporcle quizzes.
OR
Log In

From the Vault

Largest Country of Asia per Letter Minefield

by Mateo56

These countries are so big you CAN see them on a map!
Remove Ads.
Support Sporcle.
Get the best of Sporcle when you Go Orange. This ad-free experience offers more features, more stats, and more fun while also helping to support Sporcle. Thank you for becoming a member.

Show Comments

Extras

Top Quizzes Today


Score Distribution

Your Account Isn't Verified!

In order to create a playlist on Sporcle, you need to verify the email address you used during registration. Go to your Sporcle Settings to finish the process.

Report this User

Report this user for behavior that violates our Community Guidelines.

Details: